Disruptive Technologies In International Business : Challenges And Opportunities For Emerging Markets (Record no. 43523)
[ view plain ]
| 000 -LEADER | |
|---|---|
| fixed length control field | 01232cam a2200373 i 4500 |
| 001 - CONTROL NUMBER | |
| control field | 22966091 |
| 005 - DATE AND TIME OF LATEST TRANSACTION | |
| control field | 20250402161753.0 |
| 008 - FIXED-LENGTH DATA ELEMENTS--GENERAL INFORMATION | |
| fixed length control field | 230209s2023 gw a b 001 0 eng |
| 010 ## - LIBRARY OF CONGRESS CONTROL NUMBER | |
| LC control number | 2023932399 |
| 020 ## - INTERNATIONAL STANDARD BOOK NUMBER | |
| International Standard Book Number | 9783110738599 |
| 020 ## - INTERNATIONAL STANDARD BOOK NUMBER | |
| Canceled/invalid ISBN | 9783110734133 |
| 020 ## - INTERNATIONAL STANDARD BOOK NUMBER | |
| Canceled/invalid ISBN | 9783110734225 |
| 041 ## - LANGUAGE CODE | |
| Language code of text/sound track or separate title | eng |
| 042 ## - AUTHENTICATION CODE | |
| Authentication code | pcc |
| 082 ## - DEWEY DECIMAL CLASSIFICATION NUMBER | |
| Classification number | 338.926 MAU |
| 100 ## - MAIN ENTRY--PERSONAL NAME | |
| Author | Maurya, Alka |
| 245 00 - TITLE STATEMENT | |
| Title | Disruptive Technologies In International Business : Challenges And Opportunities For Emerging Markets |
| 260 ## - PUBLICATION, DISTRIBUTION, ETC. | |
| Place | Boston |
| Publisher | De Gruyter |
| Publication Year | 2023 |
| 300 ## - PHYSICAL DESCRIPTION | |
| Extent | 108 pages : 24 cm |
| Other physical details | color illustrations ; |
| Dimensions | 25 cm |
| 504 ## - BIBLIOGRAPHY, ETC. NOTE | |
| Bibliography, etc. note | Includes bibliographical references and index. |
| 650 #0 - SUBJECT ADDED ENTRY--TOPICAL TERM | |
| Subject | Technology Transfer |
| 650 #0 - SUBJECT ADDED ENTRY--TOPICAL TERM | |
| Subject | International business enterprises. |
| 700 1# - ADDED ENTRY--PERSONAL NAME | |
| Co-Author | Maurya, Alka, |
| 700 1# - ADDED ENTRY--PERSONAL NAME | |
| Co-Author | Munoz, J. Mark, |
| 700 1# - ADDED ENTRY--PERSONAL NAME | |
| Co-Author | Gaur, Loveleen, |
| 700 1# - ADDED ENTRY--PERSONAL NAME | |
| Co-Author | Munoz, Mark J. and Singh, Gurinder, |
| 942 ## - ADDED ENTRY ELEMENTS (KOHA) | |
| Koha item type | Books |
| 264 #1 - PRODUCTION, PUBLICATION, DISTRIBUTION, MANUFACTURE, AND COPYRIGHT NOTICE | |
| Place of production, publication, distribution, manufacture | Berlin ; |
| -- | Boston : |
| Name of producer, publisher, distributor, manufacturer | De Gruyter, |
| Date of production, publication, distribution, manufacture, or copyright notice | [2023] |
| 336 ## - CONTENT TYPE | |
| Content type term | text |
| Content type code | txt |
| Source | rdacontent |
| 337 ## - MEDIA TYPE | |
| Media type term | unmediated |
| Media type code | n |
| Source | rdamedia |
| 338 ## - CARRIER TYPE | |
| Carrier type term | volume |
| Carrier type code | nc |
| Source | rdacarrier |
| 906 ## - LOCAL DATA ELEMENT F, LDF (RLIN) | |
| a | 7 |
| b | cbc |
| c | orignew |
| d | 2 |
| e | epcn |
| f | 20 |
| g | y-gencatlg |
| Withdrawn status | Lost status | Source of classification or shelving scheme | Damaged status | Not for loan | Home library | Current library | Shelving location | Accession Date | Vendor | Price | Bill number | Total Checkouts | Full call number | Barcode No | Date last seen | Discount | Bill Date | Koha item type | Suggested By |
|---|---|---|---|---|---|---|---|---|---|---|---|---|---|---|---|---|---|---|---|
| Dewey Decimal Classification | IMTN | IMTN | Rack 13-A | 03/26/2025 | Raghav Books Private Limited | 4655.34 | 2374 | 338.926 MAU | 33803 | 04/02/2025 | 33 | 02/14/2025 | Books | Dr. Mantha Raghu (Head Librarian) |